LEADER 01268nam a2200265 a 4500 001 000000159671 003 CaOOAMICUS 005 20170324141701.0 008 170324s1962 it m 001 u ger r 032 $aLibriCat 040 $aPUL$bita 100 1 $aHasenhüttl, Gotthold.$0(OLS)http://pul/name/39667 245 14$aDer Glaubensvollzung : $beine Begegnung mit Rudolf Bultmann aus katholischem Glaubensverständnis / $cGotthold Hasenhüttl . 260 $aRoma :$b[s.n.],$c1962. 300 $a47 p. ;$c24 cm. 502 $aEstratto di Tesi-- Pontificia Università Gregoriana. Facultas Theologiae.1962. 504 $aBibliografia in nota a piè pagina. 600 14$aBultmann, Rudolf Karl,$d1884-1976.$0(OLS)http://pul/subject/2381 710 2 $aPontificia Università Gregoriana.$bFacoltà di teologia.$kTesi.$0(OLS)http://pul/name/81592 850 $aPUL 852 $aPUL$W1$xDP1 Tesi Pon. Univ. Gregoriana$y40$mTH PUG 1388$j183198$qTesi$B186404$CPULBib$Z2$F186404 $H23032 $82 941 1 $a16 996 $6245$aDer Glaubensvollzung : $beine Begegnung mit Rudolf Bultmann aus katholischem Glaubensverständnis / $9(OLS)http://pul/title/199300 996 $6260$aRoma :$b[s.n.]$9(OLS)http://pul/publisher/47958 LEADER 01514nam a2200289 u 4500 001 000000052094 003 CaOOAMICUS 005 20070226115418.0 008 001006s1973 es u000 u spa u 035 $a10857520 040 $aPUL(R)$bita 100 1 $aLombardía, Pedro.$0(OLS)http://pul/name/3664 245 10$aLibertad y autoridad en la iglesia /$cPedro Lombardía. 260 $aNavarra :$bUniversidad de Navarra,$c1973. 300 $aP. [276]-288 ;$c24 cm 500 $aEstr. da: "Revista del Instituto "Martin de Azpilcueta", Universidad de Navarra, Vol. XIII, n. 25, enero-julio, 1973. 500 $aComprende abstract in lingua latina e inglese. 500 $aConferencia leida por el autor el 11 de septiembre de 1972, en la Casa de Ejercicios de Burlada (Navarra), a los participantes en un cursillo organizado por la Asociación Sacerdotal San Francisco Javier. 504 $aInclude note bibliografiche a piè di pagina. 650 04$aChiesa cattolica$xpastorale$xgiovani.$0(OLS)http://pul/subject/2596 650 4$aLibertà.$0(OLS)http://pul/subject/40 650 4$aAutorità$xAspetti religiosi$xChiesa cattolica.$0(OLS)http://pul/subject/7918 850 $aPUL 852 $aPUL$W1$xDP1 Fondo Ciprotti$y59$m1543 B 53$j68909$nBK-PRI$b $qFondi$B68909$CPULBib$Z2$F68909 $H $81 941 1 $a1 996 $6245$aLibertad y autoridad en la iglesia$9(OLS)http://pul/title/69873 996 $6260$aNavarra :$bUniversidad de Navarra$9(OLS)http://pul/publisher/68193